[Event "4NCL Division 3"]
[Site "Daventry Court ENG"]
[Date "2015.05.03"]
[Round "10.75"]
[White "Maleki, Manuel"]
[Black "Buckley, David E"]
[Result "1-0"]
[WhiteElo "2235"]
[BlackElo "2285"]
[PlyCount "81"]
[EventDate "2015.05.03"]
[WhiteTeam "Fermented Sharks"]
[BlackTeam "Downend & Fishponds"]

1. Nf3 Nf6 2. c4 e6 3. g3 a6 4. Bg2 b5 5. b3 c5 6. O-O Bb7 7. Nc3 Qb6 8. Re1 d6
9. e3 Be7 10. d4 O-O 11. d5 exd5 12. cxd5 Nbd7 13. h3 Rfe8 14. e4 Bf8 15. Bb2
g6 16. Qd2 Bg7 17. Kh2 Rac8 18. Rac1 Qa5 19. Qf4 Qb6 20. Ba1 c4 21. b4 Qxf2 22.
Qxd6 Bf8 23. Qf4 Nh5 24. Qg4 f5 25. exf5 Ndf6 26. Qg5 Bd6 27. Rxe8+ Rxe8 28.
fxg6 Bxg3+ 29. Kh1 Bf4 30. gxh7+ Kxh7 31. Qf5+ Kh6 32. Qc2 Ng3+ 33. Kh2 Ne2+
34. Kh1 Bxc1 35. Nxe2 Rxe2 36. Qxc1+ Kg6 37. Qg5+ Kf7 38. Qxf6+ Ke8 39. Qh8+
Kd7 40. Qg7+ Ke8 41. Bd4 1-0

[Event "4NCL Division 3"]
[Site "Daventry Court ENG"]
[Date "2015.05.03"]
[Round "10.76"]
[White "Russell, Chris"]
[Black "Thorarinsson, Pall"]
[Result "1-0"]
[WhiteElo "2185"]
[BlackElo "2227"]
[PlyCount "103"]
[EventDate "2015.05.03"]
[WhiteTeam "Downend & Fishponds"]
[BlackTeam "Fermented Sharks"]

1. e4 d6 2. d4 Nf6 3. Nc3 g6 4. Nf3 Bg7 5. Be2 O-O 6. O-O c5 7. dxc5 dxc5 8.
Be3 b6 9. Qc1 Bb7 10. Rd1 Qc8 11. Bh6 Nxe4 12. Nxe4 Bxe4 13. Bxg7 Kxg7 14. Qe3
Qb7 15. c3 f6 16. b4 a6 17. bxc5 bxc5 18. Qxc5 e5 19. Rd6 Nd7 20. Qb4 Rf7 21.
Rad1 Nf8 22. Rb6 a5 23. Rxb7 axb4 24. Rxf7+ Kxf7 25. cxb4 Ke7 26. Rd2 Ra4 27.
b5 Rb4 28. Ne1 Ne6 29. f3 Bb1 30. a3 Rb3 31. Bc4 Rxa3 32. Rb2 Ra1 33. b6 Nd8
34. b7 Nc6 35. b8=Q Nxb8 36. Rxb8 h5 37. Kf2 g5 38. Rb7+ Kd6 39. Rf7 Kc5 40.
Be2 f5 41. Rh7 Ra2 42. Rxh5 e4 43. fxe4 fxe4 44. Rxg5+ Kd4 45. Rg3 Ra7 46. h4
Rf7+ 47. Kg1 e3 48. Nf3+ Kc3 49. h5 Bd3 50. Bxd3 Kxd3 51. Ne5+ Kd2 52. Nc4+ 1-0

[Event "4NCL Division 3"]
[Site "Daventry Court ENG"]
[Date "2015.05.03"]
[Round "10.77"]
[White "Agnew, Alan"]
[Black "Hosken, Nigel K"]
[Result "1/2-1/2"]
[WhiteElo "2093"]
[BlackElo "2113"]
[PlyCount "48"]
[EventDate "2015.05.03"]
[WhiteTeam "Fermented Sharks"]
[BlackTeam "Downend & Fishponds"]

1. e4 c6 2. d4 d5 3. Nd2 dxe4 4. Nxe4 Bf5 5. Ng3 Bg6 6. h4 h6 7. h5 Bh7 8. Nf3
Nd7 9. Bd3 Bxd3 10. Qxd3 e6 11. Bf4 Qa5+ 12. Bd2 Bb4 13. c3 Be7 14. c4 Qc7 15.
O-O-O Ngf6 16. Kb1 Rd8 17. Qe2 O-O 18. Ne5 Bd6 19. Nxd7 Rxd7 20. Ne4 Be7 21.
Bc3 Nxe4 22. Qxe4 Bf6 23. Rd3 Rfd8 24. Rhd1 b5 1/2-1/2

[Event "4NCL Division 3"]
[Site "Daventry Court ENG"]
[Date "2015.05.03"]
[Round "10.79"]
[White "Stevenson, James AB"]
[Black "Thompson, Rob"]
[Result "1-0"]
[WhiteElo "2042"]
[BlackElo "2027"]
[PlyCount "71"]
[EventDate "2015.05.03"]
[WhiteTeam "Fermented Sharks"]
[BlackTeam "Downend & Fishponds"]

1. e4 d6 2. d4 Nf6 3. Nc3 e5 4. Nf3 exd4 5. Qxd4 Nc6 6. Bb5 Bd7 7. Bxc6 bxc6 8.
Bg5 Be7 9. O-O-O O-O 10. e5 Ne8 11. Bxe7 Qxe7 12. Rhe1 d5 13. Na4 g6 14. Nc5
Ng7 15. Qc3 Ne6 16. Nxe6 fxe6 17. Qe3 c5 18. h4 Rab8 19. Rh1 Rb4 20. h5 Be8 21.
hxg6 Bxg6 22. Rd2 Rfb8 23. c3 Ra4 24. a3 Re4 25. Qh6 d4 26. c4 d3 27. Rh4 Qd7
28. Rxe4 Bxe4 29. Qg5+ Bg6 30. Nh4 Kg7 31. Qf6+ Kh6 32. Nxg6 hxg6 33. Rd1 d2+
34. Rxd2 Qc6 35. f3 Qa4 36. Qxe6 1-0

[Event "4NCL Division 3"]
[Site "Daventry Court ENG"]
[Date "2015.05.03"]
[Round "10.80"]
[White "Meadows, Mike"]
[Black "Millward, Kevin Philip"]
[Result "1-0"]
[WhiteElo "2035"]
[BlackElo "2004"]
[PlyCount "100"]
[EventDate "2015.05.03"]
[WhiteTeam "Downend & Fishponds"]
[BlackTeam "Fermented Sharks"]

1. e4 d6 2. d4 g6 3. Nc3 Bg7 4. f4 a6 5. Nf3 b5 6. Bd3 Nd7 7. Be3 c5 8. e5 b4
9. Be4 Rb8 10. Na4 Qc7 11. exd6 exd6 12. dxc5 Nxc5 13. Nxc5 dxc5 14. Qd5 Nf6
15. Qc6+ Qxc6 16. Bxc6+ Bd7 17. Bxd7+ Nxd7 18. O-O-O Rb7 19. Rd6 O-O 20. Rhd1
Nf6 21. Bxc5 Ne4 22. Rc6 Nxc5 23. Rxc5 Rfb8 24. Rcd5 Bf6 25. Ne5 Bxe5 26. Rxe5
Kg7 27. Rd6 Rb6 28. Rxb6 Rxb6 29. c4 bxc3 30. bxc3 f6 31. Re7+ Kh6 32. Kc2 g5
33. fxg5+ fxg5 34. c4 Rf6 35. Re2 g4 36. Kc3 Kg5 37. Kd4 h5 38. Kd5 h4 39. c5
g3 40. hxg3 hxg3 41. c6 Rf2 42. c7 Rxe2 43. c8=Q Rxg2 44. Ke4 Rf2 45. Ke3 Rf5
46. Qg8+ Kh4 47. Qh7+ Kg4 48. Qg6+ Rg5 49. Qe4+ Kh3 50. Kf3 Rh5 1-0

[Event "4NCL Division 3"]
[Site "Daventry Court ENG"]
[Date "2015.05.03"]
[Round "10.85"]
[White "Kalavannan, Koby"]
[Black "Smallbone, Kieran D"]
[Result "1-0"]
[WhiteElo "2095"]
[BlackElo "2201"]
[PlyCount "47"]
[EventDate "2015.05.03"]
[WhiteTeam "Surbiton 1"]
[BlackTeam "Oxford 2"]

1. d4 d5 2. Nf3 Nf6 3. c4 c6 4. Nbd2 Bf5 5. Nh4 Bg6 6. Qb3 Qc7 7. Nxg6 hxg6 8.
g3 e6 9. Bg2 Nbd7 10. e4 dxe4 11. Nxe4 Nxe4 12. Bxe4 Nf6 13. Bf3 Bd6 14. O-O
Qd7 15. Re1 O-O-O 16. Be3 Kb8 17. a4 Rh3 18. a5 a6 19. d5 exd5 20. cxd5 c5 21.
Rac1 Rdh8 22. Bxc5 Rxh2 23. Bxd6+ Qxd6 24. Re7 1-0

[Event "4NCL Division 3"]
[Site "Daventry Court ENG"]
[Date "2015.05.03"]
[Round "10.86"]
[White "Rawlinson, Aidan"]
[Black "Henderson, Ian R"]
[Result "1-0"]
[WhiteElo "2182"]
[BlackElo "2067"]
[PlyCount "41"]
[EventDate "2015.05.03"]
[WhiteTeam "Oxford 2"]
[BlackTeam "Surbiton 1"]

1. d4 d5 2. c4 Nc6 3. Nc3 dxc4 4. Nf3 Nf6 5. Bg5 h6 6. Bh4 a6 7. e4 Bg4 8. d5
Ne5 9. Bg3 Nd3+ 10. Bxd3 cxd3 11. Qxd3 e6 12. Ne5 exd5 13. Nxg4 Nxg4 14. O-O
Nf6 15. Rac1 dxe4 16. Qc4 Be7 17. Nxe4 O-O 18. Bxc7 Qc8 19. Rfe1 Qf5 20. Ng3
Qd7 21. Rcd1 1-0

[Event "4NCL Division 3"]
[Site "Daventry Court ENG"]
[Date "2015.05.03"]
[Round "10.87"]
[White "Crombleholme, Alan K"]
[Black "Brackmann, Hendrik"]
[Result "1/2-1/2"]
[WhiteElo "2094"]
[BlackElo "2043"]
[PlyCount "51"]
[EventDate "2015.05.03"]
[WhiteTeam "Surbiton 1"]
[BlackTeam "Oxford 2"]

1. Nf3 c5 2. b3 Nf6 3. Bb2 Nc6 4. e3 e6 5. Be2 Be7 6. O-O O-O 7. c4 b6 8. d3
Bb7 9. Nbd2 d5 10. Re1 Nd7 11. cxd5 exd5 12. a3 Bf6 13. Qc2 Rc8 14. Rec1 Re8
15. Bxf6 Qxf6 16. Qb1 Nd4 17. Bf1 Nb5 18. d4 Nd6 19. Ra2 Nf8 20. Rac2 Ne6 21.
Qb2 Ne4 22. dxc5 Qxb2 23. Rxb2 Nxd2 24. Nxd2 bxc5 25. g3 Red8 26. Bg2 1/2-1/2

[Event "4NCL Division 3"]
[Site "Daventry Court ENG"]
[Date "2015.05.03"]
[Round "10.88"]
[White "Healey, Michael W"]
[Black "Shepherd, Paul D"]
[Result "0-1"]
[WhiteElo "2098"]
[BlackElo "2009"]
[PlyCount "33"]
[EventDate "2015.05.03"]
[WhiteTeam "Oxford 2"]
[BlackTeam "Surbiton 1"]

1. e4 c5 2. b3 e6 3. Bb2 a6 4. c4 Nc6 5. Nf3 Qc7 6. e5 Nge7 7. Qe2 Nf5 8. Qe4
b6 9. Bd3 Bb7 10. Qf4 g6 11. Bxf5 gxf5 12. O-O Be7 13. Nc3 Rg8 14. Ne2 Nb4 15.
Ne1 Nd3 16. Nxd3 Rxg2+ 17. Kh1 0-1

[Event "4NCL Division 3"]
[Site "Daventry Court ENG"]
[Date "2015.05.03"]
[Round "10.89"]
[White "Faulks, Nick W"]
[Black "Ludbrook, Matthew"]
[Result "1-0"]
[WhiteElo "2037"]
[BlackElo "1996"]
[PlyCount "83"]
[EventDate "2015.05.03"]
[WhiteTeam "Surbiton 1"]
[BlackTeam "Oxford 2"]

1. e4 e6 2. d4 d5 3. Nc3 Bb4 4. a3 Bxc3+ 5. bxc3 dxe4 6. Qg4 Nf6 7. Qxg7 Rg8 8.
Qh6 Rg6 9. Qe3 Nd5 10. Qxe4 Nxc3 11. Qd3 Nd5 12. h4 f5 13. Be2 Nf6 14. Bg5 Qd6
15. Nh3 Nbd7 16. Nf4 Rg8 17. Qe3 Kf7 18. c4 b6 19. Rd1 Re8 20. Nh5 e5 21. Qf3
Nxh5 22. Qxa8 exd4 23. Qf3 Ng7 24. O-O Ne5 25. Qg3 c5 26. Bf4 Qf6 27. Rfe1 Kf8
28. Qg5 Qf7 29. Qh6 Kg8 30. Qd6 Ng6 31. Bg5 Be6 32. Bd3 Nf8 33. Rc1 Ng6 34. Re2
Nf8 35. Rce1 Ng6 36. a4 Nf8 37. a5 bxa5 38. Qxc5 Rc8 39. Qxa5 Rc7 40. Bh6 Rd7
41. Bxg7 Kxg7 42. Rxe6 1-0

[Event "4NCL Division 3"]
[Site "Daventry Court ENG"]
[Date "2015.05.03"]
[Round "10.90"]
[White "Nandi, Robin"]
[Black "Fenwick, Hugh F"]
[Result "0-1"]
[WhiteElo "1986"]
[BlackElo "1880"]
[PlyCount "92"]
[EventDate "2015.05.03"]
[WhiteTeam "Oxford 2"]
[BlackTeam "Surbiton 1"]

1. e4 e6 2. d4 d5 3. Nc3 Bb4 4. e5 Ne7 5. Qg4 c5 6. a3 Qa5 7. Bd2 cxd4 8. Qxd4
Nbc6 9. Qg4 d4 10. Ne4 Bxd2+ 11. Nxd2 Qxe5+ 12. Be2 O-O 13. Ngf3 Qf5 14. Qh4
Ng6 15. Qg3 Qxc2 16. O-O Qf5 17. Nb3 e5 18. Rad1 Nf4 19. Rfe1 Nxe2+ 20. Rxe2 f6
21. Nbxd4 exd4 22. Nxd4 Nxd4 23. Re7 Qg4 24. Rxd4 Qxg3 25. hxg3 b5 26. Rd5 Rb8
27. Rxa7 Be6 28. Rd6 Rf7 29. Rda6 Bd5 30. Rxf7 Kxf7 31. Rd6 Be6 32. Rc6 Rb7 33.
Rc5 Ke7 34. f3 Kd6 35. Rc1 Rc7 36. Rd1+ Bd5 37. Rd4 Rc1+ 38. Kh2 Rc2 39. Rh4 h6
40. Rb4 Kc5 41. g4 Bxf3 42. Kg3 Bd5 43. Kh4 Rc4 44. Rb3 Rxg4+ 45. Kxg4 Bxb3 46.
Kf5 Bf7 0-1

[Event "4NCL Division 3"]
[Site "Daventry Court ENG"]
[Date "2015.05.03"]
[Round "10.95"]
[White "Polaczek, Richard"]
[Black "Swanson, Stephen"]
[Result "1-0"]
[WhiteElo "2434"]
[BlackElo "2211"]
[PlyCount "119"]
[EventDate "2015.05.03"]
[WhiteTeam "Broadland Bitterns [1]"]
[BlackTeam "Poisoned Pawns"]

1. e4 e5 2. Nf3 Nc6 3. Bb5 a6 4. Ba4 d6 5. c3 f5 6. exf5 Bxf5 7. O-O Bd3 8. Re1
Be7 9. Bc2 Bxc2 10. Qxc2 Nf6 11. d4 Qd7 12. dxe5 dxe5 13. Nbd2 O-O-O 14. Ne4
Rhf8 15. Be3 Nd5 16. Rad1 Nxe3 17. fxe3 Qe6 18. Rxd8+ Rxd8 19. a3 g6 20. Nfd2
Qg4 21. Qd1 Qd7 22. Qe2 Qe6 23. Qc4 Qxc4 24. Nxc4 Kd7 25. Kf2 Ke6 26. Ke2 Rf8
27. Rd1 b6 28. b4 Rd8 29. Rf1 h6 30. a4 Rf8 31. Ra1 Kf5 32. Ncd2 Rd8 33. h3 Ke6
34. g4 Rf8 35. Nc4 Kd5 36. Ncd2 Ke6 37. Rh1 a5 38. b5 Nb8 39. h4 h5 40. gxh5
gxh5 41. Rg1 Bxh4 42. Rh1 Bf6 43. Rxh5 Nd7 44. Rh7 Rf7 45. Rh6 Ke7 46. c4 Rg7
47. c5 bxc5 48. Nc4 Rg2+ 49. Kd3 Bg7 50. Ra6 Ra2 51. Rxa5 Nb6 52. Nxb6 cxb6 53.
Ra7+ Kf8 54. a5 Ra3+ 55. Kc4 Rxe3 56. Ng5 Bh6 57. Nh7+ Ke8 58. Nf6+ Kd8 59.
axb6 e4 60. Ra8+ 1-0

[Event "4NCL Division 3"]
[Site "Daventry Court ENG"]
[Date "2015.05.03"]
[Round "10.96"]
[White "Byway, Paul V"]
[Black "Dilleigh, Stephen P"]
[Result "1-0"]
[WhiteElo "2166"]
[BlackElo "2106"]
[PlyCount "137"]
[EventDate "2015.05.03"]
[WhiteTeam "Poisoned Pawns"]
[BlackTeam "Broadland Bitterns [1]"]

1. Nf3 d5 2. e3 Nf6 3. c4 e6 4. d4 b6 5. Bd3 Bb7 6. O-O Bd6 7. b3 O-O 8. Bb2
Nbd7 9. Nc3 a6 10. Qe2 Ne4 11. Rac1 f5 12. g3 Qe7 13. Na4 dxc4 14. bxc4 e5 15.
c5 bxc5 16. dxe5 Nxe5 17. Nxe5 Bxe5 18. Bxe5 Qxe5 19. f3 Nd6 20. Nxc5 Bc8 21.
Bxa6 Bxa6 22. Nxa6 Qb5 23. Qxb5 Nxb5 24. a4 Nd6 25. Nxc7 Rxa4 26. Rfd1 Rc4 27.
Nd5 Rxc1 28. Rxc1 Rd8 29. Rc7 Kf8 30. h4 Nb5 31. Rc5 Nd6 32. Kf2 Nb7 33. Rb5
Nd6 34. Rb4 Ra8 35. e4 fxe4 36. fxe4 Re8 37. Kf3 h6 38. h5 Kf7 39. Nf4 Re5 40.
Rd4 Ne8 41. g4 Nf6 42. Ng6 Ra5 43. e5 Nh7 44. Rd7+ Ke8 45. Re7+ Kd8 46. Ke4
Ng5+ 47. Kf5 Ra1 48. Rb7 Rf1+ 49. Nf4 Nh3 50. Rb4 Ke7 51. Ra4 Rf2 52. Kg6 Nxf4+
53. Kxg7 Nd3 54. Re4 Nc5 55. Rc4 Nd7 56. Kxh6 Nxe5 57. Re4 Rf6+ 58. Kg5 Re6 59.
Kf5 Kf7 60. Rxe5 Ra6 61. g5 Ra1 62. g6+ Kg8 63. Kf6 Ra6+ 64. Re6 Ra8 65. h6
Rf8+ 66. Kg5 Ra8 67. h7+ Kg7 68. Re7+ Kh8 69. Kh6 1-0

[Event "4NCL Division 3"]
[Site "Daventry Court ENG"]
[Date "2015.05.03"]
[Round "10.97"]
[White "Moore, Gerald"]
[Black "Goodger, Martyn"]
[Result "1-0"]
[WhiteElo "2057"]
[BlackElo "2103"]
[PlyCount "69"]
[EventDate "2015.05.03"]
[WhiteTeam "Broadland Bitterns [1]"]
[BlackTeam "Poisoned Pawns"]

1. Nf3 f5 2. g3 Nf6 3. Bg2 e6 4. O-O Be7 5. c4 O-O 6. b3 d6 7. d4 Ne4 8. Bb2
Nd7 9. Nbd2 Ndf6 10. Ne1 Nxd2 11. Qxd2 Qe8 12. Nd3 h6 13. f3 g5 14. e4 Qf7 15.
e5 Ne8 16. Rfe1 a5 17. a4 Bd7 18. Bc3 b6 19. f4 Rd8 20. d5 Ng7 21. exd6 Bxd6
22. fxg5 exd5 23. gxh6 Ne6 24. Bxd5 Kh7 25. Ne5 Bxe5 26. Rxe5 c6 27. Bxe6 Bxe6
28. Qe3 f4 29. Qxf4 Qg6 30. Qe4 Bf5 31. Re7+ Rf7 32. Qe5 Kxh6 33. Rxf7 Qxf7 34.
Rf1 Kg6 35. g4 1-0

[Event "4NCL Division 3"]
[Site "Daventry Court ENG"]
[Date "2015.05.03"]
[Round "10.98"]
[White "Rosen, Daniel B"]
[Black "McEwan, Ken B"]
[Result "0-1"]
[WhiteElo "2074"]
[BlackElo "2074"]
[PlyCount "138"]
[EventDate "2015.05.03"]
[WhiteTeam "Poisoned Pawns"]
[BlackTeam "Broadland Bitterns [1]"]

1. e4 e5 2. Nf3 Nc6 3. Bb5 a6 4. Ba4 Nf6 5. O-O Be7 6. d3 b5 7. Bb3 d6 8. c3
Na5 9. Bc2 c5 10. Bg5 h6 11. Bxf6 Bxf6 12. Nbd2 O-O 13. Qe2 Nc6 14. Rfd1 g6 15.
Nf1 Bg7 16. Bb3 Be6 17. Ne3 Bxb3 18. axb3 Ne7 19. Nd2 d5 20. exd5 Nxd5 21. Nxd5
Qxd5 22. c4 Qd4 23. Ne4 f5 24. Nc3 b4 25. Nd5 Rae8 26. Rxa6 e4 27. dxe4 Rxe4
28. Qf3 Qe5 29. g3 g5 30. Ra7 g4 31. Qd3 Rd4 32. Qf1 Qe4 33. Re1 Qf3 34. Nf4
Rxf4 35. gxf4 Qxf4 36. Qe2 Bd4 37. Qe6+ Kh8 38. Re2 g3 39. hxg3 Qxg3+ 40. Kf1
Qh3+ 41. Ke1 Qh1+ 42. Kd2 Bxb2 43. Re1 Qh4 44. Kc2 Bg7 45. Qe2 Qf6 46. Qd3 Rd8
47. Rd7 Qb2+ 48. Kd1 Rxd7 49. Re8+ Kh7 50. Qxd7 Qxb3+ 51. Ke1 Qc3+ 52. Kd1 Qd4+
53. Qxd4 Bxd4 54. Ke2 Kg6 55. Re6+ Kg5 56. f4+ Kxf4 57. Rxh6 Ke4 58. Rh3 f4 59.
Rd3 Be3 60. Rd1 f3+ 61. Ke1 Bd4 62. Kd2 b3 63. Re1+ Kf4 64. Rb1 b2 65. Kd3 Kg3
66. Kd2 Kg2 67. Kd3 Bf6 68. Kd2 Bg5+ 69. Kd1 Bc1 0-1

[Event "4NCL Division 3"]
[Site "Daventry Court ENG"]
[Date "2015.05.03"]
[Round "10.99"]
[White "Bin-Suhayl, Ieysaa"]
[Black "McCorry, Robert T"]
[Result "1/2-1/2"]
[WhiteElo "1952"]
[BlackElo "2037"]
[PlyCount "118"]
[EventDate "2015.05.03"]
[WhiteTeam "Broadland Bitterns [1]"]
[BlackTeam "Poisoned Pawns"]

1. d4 Nf6 2. c4 e6 3. Nc3 Bb4 4. e3 O-O 5. Bd3 c5 6. Nge2 d5 7. O-O dxc4 8.
Bxc4 Qc7 9. d5 Bxc3 10. Nxc3 exd5 11. Nxd5 Nxd5 12. Bxd5 Nc6 13. Qf3 Nb4 14.
Bc4 Bd7 15. Bd2 Bc6 16. Qh5 Be4 17. Rac1 Bg6 18. Qg5 Rac8 19. a3 Nd3 20. Bxd3
Bxd3 21. Bc3 Bg6 22. Bd4 b6 23. b4 f6 24. Qg4 Qe7 25. Bc3 Rfd8 26. bxc5 bxc5
27. Ba5 Rd7 28. Bb4 Rdc7 29. Rxc5 Rxc5 30. Qxc8+ Rxc8 31. Bxe7 Rc2 32. f3 Bd3
33. Rd1 Rc3 34. Bb4 Rb3 35. Kf2 a6 36. Rc1 g6 37. Rc8+ Kf7 38. Rc7+ Kg8 39. Bc3
Rxa3 40. Bxf6 Ra2+ 41. Kg3 h5 42. Kh3 Kf8 43. Rg7 Bf5+ 44. g4 hxg4+ 45. fxg4
Bd3 46. Kg3 Re2 47. Re7 a5 48. h4 a4 49. Kf3 Re1 50. Kg2 a3 51. Ra7 Rxe3 52. h5
gxh5 53. gxh5 Be4+ 54. Kg1 Rg3+ 55. Kh2 Rg2+ 56. Kh3 a2 57. h6 Rf2 58. Bd4 Rd2
59. Ba1 Kg8 1/2-1/2

[Event "4NCL Division 3"]
[Site "Daventry Court ENG"]
[Date "2015.05.03"]
[Round "10.100"]
[White "McMahon, Paul"]
[Black "Frean, Daniel J"]
[Result "1-0"]
[WhiteElo "1989"]
[BlackElo "1952"]
[PlyCount "87"]
[EventDate "2015.05.03"]
[WhiteTeam "Poisoned Pawns"]
[BlackTeam "Broadland Bitterns [1]"]

1. Nc3 Nf6 2. Nf3 g6 3. e4 d6 4. Bc4 Bg7 5. O-O c5 6. a4 Nc6 7. Re1 O-O 8. h3
e6 9. d3 d5 10. Bb3 dxe4 11. dxe4 b6 12. Bf4 a6 13. Bd6 Ne7 14. e5 Ne8 15. Ne4
Bb7 16. Nfg5 h6 17. Nf3 Bxe4 18. Bxe7 Qxe7 19. Rxe4 Nc7 20. c3 Rfd8 21. Qe2 b5
22. Rd1 Rxd1+ 23. Qxd1 Rd8 24. Qe2 Qd7 25. Bc2 Nd5 26. c4 Nb4 27. cxb5 Nxc2 28.
Qxc2 axb5 29. Qxc5 bxa4 30. Rd4 Qc8 31. Qxc8 Rxc8 32. Rxa4 Rb8 33. Ra2 f6 34.
Nd2 fxe5 35. b3 Bf8 36. Kf1 Kf7 37. Ra7+ Kf6 38. Ke2 Bb4 39. Ne4+ Kf5 40. f3 g5
41. Rg7 Rf8 42. Ng3+ Kf4 43. Nh5+ Kf5 44. g4# 1-0

[Event "4NCL Division 3"]
[Site "Daventry Court ENG"]
[Date "2015.05.03"]
[Round "10.105"]
[White "Hall, John"]
[Black "Garnett, John S"]
[Result "1-0"]
[WhiteElo "2216"]
[BlackElo "1993"]
[PlyCount "51"]
[EventDate "2015.05.03"]
[WhiteTeam "Leeds University Old Boys"]
[BlackTeam "e2e4.org.uk 3"]

1. e4 c6 2. d4 d5 3. exd5 cxd5 4. c4 Nf6 5. Nc3 Nc6 6. Bg5 dxc4 7. Bxc4 h6 8.
Be3 e6 9. Nf3 a6 10. O-O Bd6 11. Qd2 Qc7 12. Rac1 Ng4 13. Ne4 Bxh2+ 14. Kh1
Nxe3 15. fxe3 Bd6 16. d5 Bb4 17. Qd3 exd5 18. Bxd5 O-O 19. Nf6+ gxf6 20. Qg6+
Kh8 21. Qxh6+ Kg8 22. Qg6+ Kh8 23. Qxf6+ Kg8 24. Qg6+ Kh8 25. Qh6+ Kg8 26. Ng5
1-0

[Event "4NCL Division 3"]
[Site "Daventry Court ENG"]
[Date "2015.05.03"]
[Round "10.106"]
[White "Peat, Matthew"]
[Black "McGann, Gary"]
[Result "1/2-1/2"]
[WhiteElo "2029"]
[BlackElo "2192"]
[PlyCount "22"]
[EventDate "2015.05.03"]
[WhiteTeam "e2e4.org.uk 3"]
[BlackTeam "Leeds University Old Boys"]

1. d4 b6 2. e4 Bb7 3. Bd3 d5 4. e5 e6 5. Nf3 c5 6. c3 Qd7 7. Qe2 Nc6 8. O-O
Nge7 9. Nbd2 Ng6 10. g3 cxd4 11. cxd4 Nb4 1/2-1/2

[Event "4NCL Division 3"]
[Site "Daventry Court ENG"]
[Date "2015.05.03"]
[Round "10.107"]
[White "Deighton, Simon"]
[Black "Okhai, Shabir"]
[Result "1-0"]
[WhiteElo "2095"]
[BlackElo "1987"]
[PlyCount "115"]
[EventDate "2015.05.03"]
[WhiteTeam "Leeds University Old Boys"]
[BlackTeam "e2e4.org.uk 3"]

1. d4 d5 2. c4 e6 3. Nc3 Nf6 4. cxd5 exd5 5. Bg5 Be7 6. e3 O-O 7. Bd3 c6 8. Qc2
Nbd7 9. Nge2 Re8 10. f3 Nf8 11. O-O h6 12. Bh4 Ne6 13. Rad1 b6 14. Kh1 Bb7 15.
Bf5 Nd7 16. Bg3 Bh4 17. e4 Bxg3 18. Nxg3 Qe7 19. e5 a6 20. Bh7+ Kh8 21. Nf5 Qf8
22. Nd6 Reb8 23. Qf5 Nd8 24. Qxd7 Kxh7 25. Qf5+ Kg8 26. f4 Bc8 27. Qd3 Nb7 28.
Nxb7 Rxb7 29. f5 Qd8 30. Rf3 Qg5 31. Rdf1 Raa7 32. Rg3 Qh5 33. Ne2 c5 34. Rgf3
Qg4 35. Rf4 Qg5 36. h3 h5 37. h4 Qh6 38. Qf3 Rc7 39. Ng3 cxd4 40. Nxh5 d3 41.
Rg4 g6 42. Nf6+ Kh8 43. e6 Rc4 44. Qxd5 Rxg4 45. Qd8+ Kg7 46. Nxg4 Qh5 47. Qf6+
Kf8 48. Qd8+ Kg7 49. f6+ Kh7 50. Qf8 fxe6 51. f7 Qxh4+ 52. Kg1 Qxg4 53. Qg8+
Kh6 54. f8=Q+ Kg5 55. Qd8+ Kh6 56. Qh8+ Rh7 57. Qdf8+ Kg5 58. Qxh7 1-0

[Event "4NCL Division 3"]
[Site "Daventry Court ENG"]
[Date "2015.05.03"]
[Round "10.108"]
[White "Truman, Richard G"]
[Black "Birkin, Mark"]
[Result "1/2-1/2"]
[WhiteElo "1964"]
[BlackElo "2125"]
[PlyCount "57"]
[EventDate "2015.05.03"]
[WhiteTeam "e2e4.org.uk 3"]
[BlackTeam "Leeds University Old Boys"]

1. d4 e6 2. e4 d5 3. Nd2 Nf6 4. e5 Nfd7 5. Bd3 c5 6. c3 Nc6 7. Ne2 cxd4 8. cxd4
f6 9. exf6 Nxf6 10. Nf3 Bd6 11. Bg5 O-O 12. Bh4 e5 13. dxe5 Nxe5 14. Nxe5 Bxe5
15. Qd2 Qb6 16. O-O Qxb2 17. Qxb2 Bxb2 18. Rab1 Ba3 19. Nd4 Bc5 20. Nb5 Bd7 21.
Nc7 Rac8 22. Bxf6 Rxf6 23. Nxd5 Rf7 24. Rxb7 Rcf8 25. Bc4 Be6 26. Rxf7 Rxf7 27.
Ne3 Bxc4 28. Nxc4 Rc7 29. Ne3 1/2-1/2

[Event "4NCL Division 3"]
[Site "Daventry Court ENG"]
[Date "2015.05.03"]
[Round "10.109"]
[White "Taylor, Mark"]
[Black "Webster, Richard J"]
[Result "1-0"]
[WhiteElo "1990"]
[BlackElo "1961"]
[PlyCount "55"]
[EventDate "2015.05.03"]
[WhiteTeam "Leeds University Old Boys"]
[BlackTeam "e2e4.org.uk 3"]

1. d4 e6 2. c4 Nf6 3. Nf3 b6 4. a3 c5 5. d5 b5 6. Nc3 bxc4 7. e4 exd5 8. Nxd5
Be7 9. Bxc4 O-O 10. O-O Nc6 11. Nxe7+ Qxe7 12. Re1 Ne5 13. Nxe5 Qxe5 14. f4 Qc7
15. e5 Ne8 16. Bd2 g6 17. Bc3 Bb7 18. f5 Qc6 19. Qg4 Ng7 20. fxg6 hxg6 21. Rad1
Ne6 22. Rd6 Qc8 23. Re3 Kg7 24. Rh3 Rh8 25. Rxh8 Kxh8 26. Bd2 Qe8 27. Bxe6 dxe6
28. Bg5 1-0

[Event "4NCL Division 3"]
[Site "Daventry Court ENG"]
[Date "2015.05.03"]
[Round "10.110"]
[White "Taylor, Dale C"]
[Black "Bourne, Iain"]
[Result "1/2-1/2"]
[WhiteElo "1974"]
[BlackElo "2020"]
[PlyCount "56"]
[EventDate "2015.05.03"]
[WhiteTeam "e2e4.org.uk 3"]
[BlackTeam "Leeds University Old Boys"]

1. Nf3 c5 2. c4 Nc6 3. d4 cxd4 4. Nxd4 g6 5. e4 Nf6 6. Nc3 d6 7. Be2 Nxd4 8.
Qxd4 Bg7 9. Be3 O-O 10. Qd2 a5 11. O-O a4 12. f3 Qa5 13. Rab1 Be6 14. Rfc1 Rfc8
15. b4 axb3 16. axb3 Qb4 17. Bf1 Ra3 18. Nb5 Qxd2 19. Bxd2 Ra2 20. Bc3 Nd7 21.
Ra1 Rca8 22. Rxa2 Rxa2 23. Bd4 Nc5 24. Bxg7 Kxg7 25. b4 Nb3 26. Rc3 Nd2 27. Bd3
Rb2 28. c5 dxc5 1/2-1/2

[Event "4NCL Division 3"]
[Site "Daventry Court ENG"]
[Date "2015.05.03"]
[Round "10.115"]
[White "Meszaros, Gyula"]
[Black "Foley, John P"]
[Result "1-0"]
[WhiteElo "2267"]
[BlackElo "1985"]
[PlyCount "121"]
[EventDate "2015.05.03"]
[WhiteTeam "Midland Monarchs 1"]
[BlackTeam "BCM Rhinos [2]"]

1. Nf3 Nf6 2. g3 g6 3. Bg2 Bg7 4. d4 d5 5. c4 c6 6. O-O O-O 7. cxd5 cxd5 8. Nc3
Nc6 9. Ne5 e6 10. Nxc6 bxc6 11. Qc2 Re8 12. Rd1 Qe7 13. Bf4 Nh5 14. Be3 e5 15.
dxe5 Bxe5 16. Na4 Bd7 17. Rac1 Rec8 18. Nc5 Be8 19. Bd4 Ng7 20. e3 Rd8 21. Bxe5
Qxe5 22. Qc3 Qxc3 23. Rxc3 Ne6 24. b3 Rab8 25. Bh3 Nxc5 26. Rxc5 f5 27. Ra5 Rb7
28. Kf1 Kf7 29. Rd4 Kf6 30. f3 Rdd7 31. Ke2 Re7 32. Kd2 g5 33. Bg2 Bg6 34. Rda4
Be8 35. Ra6 Kg7 36. R4a5 h6 37. Bh3 Rf7 38. Bf1 Rbe7 39. Be2 Rb7 40. Bd1 Rfe7
41. Bc2 Rf7 42. a3 Rbe7 43. f4 Rc7 44. b4 Kf8 45. Ba4 Kg7 46. Rc5 Rf6 47. b5
gxf4 48. gxf4 Rd6 49. bxc6 d4 50. exd4 Rxd4+ 51. Kc3 Rxf4 52. Rca5 Bf7 53. Rxa7
Rf3+ 54. Kb4 Rc8 55. Bb5 Kf6 56. Ra8 Rb3+ 57. Kc5 Rc3+ 58. Kb6 Rxa8 59. Rxa8 f4
60. Rf8 Ke7 61. Rxf7+ 1-0